Tiếp thị số : Hướng dẫn thiết yếu cho truyền thông mới & Digital marketing /
Đã lưu trong:
| Tác giả chính: | |
|---|---|
| Tác giả khác: | , |
| Định dạng: | Sách giấy |
| Ngôn ngữ: | Vietnamese |
| Được phát hành: |
H. :
Tri thức,
2009.
|
| Những chủ đề: | |
| Các nhãn: |
Thêm thẻ
Không có thẻ, Là người đầu tiên thẻ bản ghi này!
|
| Thư viện lưu trữ: | Thư viện Trường Đại học Đà Lạt |
|---|
| LEADER | 01083nam a2200349 4500 | ||
|---|---|---|---|
| 001 | DLU100110101 | ||
| 005 | ##20100721 | ||
| 040 | # | # | |a DLU |b vie |
| 041 | # | # | |a vie |
| 044 | # | # | |a vn |
| 082 | # | # | |a 658.872 |b WE-K |
| 100 | # | # | |a Wertime, Kent. |
| 245 | # | # | |a Tiếp thị số : |b Hướng dẫn thiết yếu cho truyền thông mới & Digital marketing / |c Kent Wertime, Ian Fewick; Tín Việt dịch. |
| 260 | # | # | |a H. : |b Tri thức, |c 2009. |
| 300 | # | # | |a 535 tr. ; |c 23 cm. |
| 505 | # | # | |a Phần I. Phương tiện truyền thông mới và tiếp thị trong thế kỷ XXI -- Phần II. Các kênh kỹ thuật số -- Phần III. Khung kế hoạch tiếp thị số. |
| 653 | # | # | |a Internet |
| 653 | # | # | |a Quan hệ công chúng |
| 653 | # | # | |a Tiếp thị kinh doanh |
| 700 | # | # | |a Tín Việt, |e dịch. |
| 700 | # | # | |a Fewick, Ian. |
| 923 | # | # | |a 05/2010 |
| 991 | # | # | |a SH |
| 992 | # | # | |a 110000 |
| 994 | # | # | |a DLU |
| 900 | # | # | |a True |
| 911 | # | # | |a Đào Thị Thu Huyền |
| 925 | # | # | |a G |
| 926 | # | # | |a A |
| 927 | # | # | |a SH |
| 980 | # | # | |a Thư viện Trường Đại học Đà Lạt |